000 00525cam a22002171 4500
001 sa 64009000
003 DLC
005 20260227112058.0
008 890503s1964 ii 000 0 hino
010 _asa 64009000
035 _a(OCoLC)19650031
040 _aDLC
_cWaU
_dDLC
042 _apremarc
050 0 0 _aPK1931
_b.C53
100 1 _aChaturvedi, Ramswarup,
_d1931-
245 1 0 _aBhāshā aura saṃvedanā.
260 _c[1964]
300 _a117 p.
_c19 cm.
500 _aIn Hindi.
650 0 _aHindi philology.
999 _c61175
_d61175